| 000 | 00468nam a2200205 a 4500 | ||
|---|---|---|---|
| 001 | 2635 | ||
| 005 | 20140414131913.0 | ||
| 008 | 050627s19uu xx 00 eng d | ||
| 050 |
_aER _bC43 |
||
| 245 | _aA child's first aesop. | ||
| 260 |
_aTokyo : _bFroebel-kan. |
||
| 300 | _a1 v. p. : ill. ; cm. | ||
| 440 | _aToppan's PEEWEE Series | ||
| 650 | _aFables. | ||
| 999 |
_c111289 _d111289 |
||